Testing soil mixed with waste or recycled materials / (Record no. 11338)
[ view plain ]
| 000 -LEADER | |
|---|---|
| fixed length control field | 00562cam a2200193 a 4500 |
| 020 ## - INTERNATIONAL STANDARD BOOK NUMBER | |
| ISBN | 0803124708 |
| 040 ## - CATALOGING SOURCE | |
| Transcribing agency | DLC |
| 082 00 - DEWEY DECIMAL CLASSIFICATION NUMBER | |
| Classification number | 624 AST 1997 A 036 Or. |
| 245 00 - TITLE STATEMENT | |
| Title | Testing soil mixed with waste or recycled materials / |
| 260 ## - PUBLICATION, DISTRIBUTION, ETC. (IMPRINT) | |
| Place of publication | West Conshohacken, PA : |
| Name of publisher | ASTM, |
| Year of publication | c1997. |
| 300 ## - PHYSICAL DESCRIPTION | |
| Number of Pages | xiv, 335 p. : |
| Other physical details | ill. ; |
| Dimensions | 24 cm. |
| 490 1# - SERIES STATEMENT | |
| Series statement | STP ; |
| 500 ## - GENERAL NOTE | |
| General note | "ASTM publication code number (PCN): 04-012750-38." |
| 650 #0 - SUBJECT ADDED ENTRY--TOPICAL TERM | |
| Topical Term | Soil stabilization |
| 650 #0 - SUBJECT ADDED ENTRY--TOPICAL TERM | |
| Topical Term | Waste products. |
| 700 1# - ADDED ENTRY--PERSONAL NAME | |
| Personal name | Wasemiller, Mark A., |
| 700 1# - ADDED ENTRY--PERSONAL NAME | |
| Personal name | Hoddinott, Keith B., |
| 942 ## - ADDED ENTRY ELEMENTS (KOHA) | |
| Koha item type | សៀវភៅភាសាអង់គ្លេស |
| 952 ## - LOCATION AND ITEM INFORMATION (KOHA) | |
| Withdrawn status [LOCAL, KOHA] | 0 |
| Permanent Location | Date acquired | Koha item type | Lost status | Shelving location | Barcode | Current Location | Full call number |
|---|---|---|---|---|---|---|---|
| Library Block A | 2017-08-01 | សៀវភៅភាសាអង់គ្លេស | A036 | A22615 | Library Block A | 624 AST 1997 A 036 Or. |